Operas by Richard Wagner - Statistics

General Stats
  • This quiz has been taken 52 times
  • The average score is 10 of 13
Answer Stats
Hint Answer % Correct
The Ring Die Walküre
91%
Lohengrin
91%
The Ring Siegfried
88%
Tristan und Isolde
88%
The Ring Das Rheingold
82%
Der fliegende Holländer
82%
The Ring Götterdämmerung
82%
Parsifal
82%
Tannhäuser und der Sängerkrieg auf Wartburg
82%
Die Meistersinger von Nürnberg
73%
Rienzi, der Letzte der Tribunen
61%
Die Feen
58%
Das Liebesverbot
45%
No matching quizzes found
Score Distribution
Percent of People with Each Score
Percentile by Number Answered
Your Score History
You have not taken this quiz